000 00644nam a2200229Ia 4500
003 OSt
005 20221007065319.0
006 a|||||r|||| 00| 0
007 ta
008 221006b |||||||| |||| 00| 0 eng d
024 _a1,634
037 _cReference Collections
040 _aFLL
_cFLL
_beng
041 _2eng
_aeng
082 _ajZ1:881, K9;2
100 _aAnand R. P.
245 0 _aStudies in international adjudication
260 _aDelhi
_bVikas Publications India
_c1969
650 _aPublic international law
942 _hjZ1:881, K9;2
_cREF
_2CC
999 _c1136959
_d1136959